000 00322nam a22001337a 4500
008 181010b xxu||||| |||| 00| 0 eng d
020 _a0471291781
041 _aeng
080 _22nd
_a159.9
100 _a25
101 _aEDU
245 _aHandbook of Psychotherapy and Behavior change
_cGarfield,S.L
942 _2udc
_cBK
999 _c49273
_d49273